[Event "Chioggia op-B 03rd"]
[Site "Chioggia"]
[Date "2008.10.12"]
[Round "5"]
[White "Molino, Davide"]
[Black "Ferrarese, Eugenio"]
[Result "0-1"]
[WhiteElo "1440"]
[BlackElo "1460"]
[PlyCount "72"]
[EventDate "2008.10.10"]
[EventType "swiss"]
[EventRounds "5"]
[EventCountry "ITA"]
[SourceTitle "EXT 2022"]
[Source "ChessBase"]
[SourceDate "2021.10.06"]
[SourceVersion "1"]
[SourceVersionDate "2021.10.06"]
[SourceQuality "1"]

1. g3 e5 2. Nf3 Nc6 3. d3 d5 4. Bg2 Nf6 5. 0-0 Be7 6. d4 e4 7. Ne5 Nxe5 8. dxe5 Ng4 9. Nc3 c6 10. h3 Nxe5 11. Qd4 Bf6 12. Bf4 Nf3+ 13. exf3 Bxd4 14. Rad1 Bxc3 15. bxc3 exf3 16. Bxf3 Bxh3 17. Rfe1+ Be6 18. c4 0-0 19. c3 Qa5 20. Be5 Qxa2 21. Re2 Qxc4 22. Rd4 Qxc3 23. Rg4 Qc1+ 24. Kg2 Bxg4 25. Bxg4 Qg5 26. f3 Rfe8 27. Kh3 Rxe5 28. Rxe5 Qxe5 29. Bc8 Qh5+ 30. Kg2 Rxc8 31. Kg1 Qxf3 32. g4 Qe2 33. g5 Re8 34. g6 fxg6 35. Kh1 Rf8 36. Kg1 Rf1# 0-1

[Event "Chioggia op-B 03rd"]
[Site "Chioggia"]
[Date "2008.10.11"]
[Round "2"]
[White "Molino, Davide"]
[Black "Brunello, Marco"]
[Result "0-1"]
[WhiteElo "1440"]
[BlackElo "1512"]
[PlyCount "96"]
[EventDate "2008.10.10"]
[EventType "swiss"]
[EventRounds "5"]
[EventCountry "ITA"]
[SourceTitle "EXT 2022"]
[Source "ChessBase"]
[SourceDate "2021.10.06"]
[SourceVersion "1"]
[SourceVersionDate "2021.10.06"]
[SourceQuality "1"]

1. d3 e5 2. Be3 d5 3. Nf3 Nc6 4. g3 d4 5. Bd2 Be7 6. Bg2 Bd7 7. 0-0 h6 8. c3 Nf6 9. cxd4 exd4 10. a3 0-0 11. Bf4 Bc5 12. Nbd2 Re8 13. Nb3 Bb6 14. Rc1 Be6 15. Ne5 Nxe5 16. Bxe5 Bxb3 17. Qxb3 Rxe5 18. Bxb7 Rb8 19. Ba6 Rxe2 20. Bc4 Ba5 21. Bxf7+ Kh8 22. Qa4 Qd7 23. Qxd7 Nxd7 24. Rc4 Ne5 25. Rc5 Bb6 26. Rd5 Nxf7 27. Rf5 Nd6 28. Rd5 Rxb2 29. Re1 Rb3 30. Ra1 Rxd3 31. Rh5 Rb3 32. Rd5 Ne4 33. Rd7 d3 34. Rd1 Nxf2 35. Rf1 Rb2 36. Kg2 d2 37. Rxd2 Rxd2 38. Re1 Nd3+ 39. Kh3 Nxe1 40. a4 c5 41. a5 Bxa5 42. g4 c4 43. g5 c3 44. g6 c2 45. Kg4 Rxh2 46. Kg3 Rg2+ 47. Kh3 c1Q 48. Kh4 Qf4+ 0-1